Ilustración Publicitaria = Illustration on Advertising.

Uloženo v:
Podrobná bibliografie
Hlavní autor: Minguet Cámara, Eva (autora)
Další autoři: Minguet, Josep María (Editor)
Médium: Kniha
Jazyk:španělština
Vydáno: Barcelona, España: Instituto Monsa de Ediciones, 2010.
Vydání:Edición bilingüe (inglés/español).
Témata:
Tagy: Přidat tag
Žádné tagy, Buďte první, kdo vytvoří štítek k tomuto záznamu!

MARC

LEADER 00000nam a22000007a 4500
003 CL-VaPUC
005 20250407202441.0
008 250311t2010 ||||| |||| 00| 0 spa d
999 |c 447222  |d 447220 
020 |a 978-84-96823-80-8 
040 |c Pontificia Universidad Católica de Valparaíso 
082 |2 22  |a 741.674 MIN 2010 
100 |9 895125  |a Minguet Cámara, Eva  |e autora 
245 |a Ilustración Publicitaria = Illustration on Advertising. 
250 |a Edición bilingüe (inglés/español). 
260 |a Barcelona, España:  |b Instituto Monsa de Ediciones,  |c 2010. 
300 |a 190 páginas:  |b ilustraciones. 
500 |a c.1: Instituto Arcos. 08-01-2025 
583 |c 20250311  |k Yessy Sthefany Diaz Vidal 
650 0 |9 886574  |a Marcas (Marketing)  |x Arte y diseño  |v Libros ilustrados 
650 0 |9 377167  |a Publicidad comercial  |x Diseño gráfico, ilustración, etc. 
700 |9 896561  |a Minguet, Josep María  |e editor 
942 |2 ddc  |c BK  |n 0 
952 |0 0  |1 0  |2 ddc  |4 0  |6 741_674000000000000_MIN_2010  |7 0  |8 A  |9 600929  |a BIBINC  |b BIBINC  |d 2025-03-11  |e Instituto Arcos  |i 5665760  |o 741.674 MIN 2010  |p 5665760  |r 2025-03-11  |t 1  |w 2025-03-11  |y BK  |k IFP